Leistungsbilanzen als Indikator wirtschaftlicher Krisen diplomová práca

Salvato in:
Dettagli Bibliografici
Autore principale: Nuck, Daniel
Ente Autore: Fakulta hospodárskej informatiky EU. Katedra operačného výskumu a ekonometrie
Altri autori: Weirowski, Tobias
Natura: Libro
Lingua:tedesco
Pubblicazione: Bratislava 2020
Tags: Aggiungi Tag
Nessun Tag, puoi essere il primo ad aggiungerne!!

MARC

LEADER 00000nbm a2200000 4500
001 0269120
005 20210506112341.9
041 0 |a ger 
044 |a SK 
245 1 0 |a Leistungsbilanzen als Indikator wirtschaftlicher Krisen  |b diplomová práca  |c Daniel Nuck ; školiteľ: Tobias Weirowski 
264 1 |a Bratislava  |c 2020 
300 |a 57 s. 
100 1 |a Nuck, Daniel 
700 1 |a Weirowski, Tobias 
710 2 |a Fakulta hospodárskej informatiky EU. Katedra operačného výskumu a ekonometrie